Connected Word Chains #1 - Statistics

General Stats
  • This quiz has been taken 710 times
  • The average score is 7 of 24
Answer Stats
First Letter Answer % Correct
W Washington
98%
U Union
56%
T Times
45%
F Flip
43%
J Jack
43%
S Square
36%
C City
32%
W White
29%
I Irving
28%
B Berlin
25%
R Root
25%
H House
24%
B Beer
23%
W Wall
23%
A Attorney
22%
G General
21%
P Paper
18%
P Party
16%
B Bottle
14%
P Plate
14%
E Electric
13%
T Ticket
8%
C Chair
5%
L Lift
5%
No matching quizzes found
Score Distribution
Percent of People with Each Score
Percentile by Number Answered
Your Score History
You have not taken this quiz